00454nam a2200145Ia 450000500170000000800410001702000150005808200160007310000210008924501040011025000090021426000510022330000200027465000140029420240503061259.0240331s9999 xx 000 0 und d a9559102648 bLITa331.62 aLittle, W Angela 0aLabouring to learn :btowards a political economy of plantations, people and education in Sri Lanka a1 st aSri LankabSocial Scientists Associationc1999 axxiii, 324 p ., apolitical